Top 5 Biggest Cities in Belarus by Population - Statistics

General Stats
  • This quiz has been taken 4 times
  • The average score is 2 of 5
Answer Stats
Hint Answer % Correct
2.1m Minsk
100%
372k Brest
50%
385k Vitebsk
50%
369k Mahilyow
25%
578k Homyel
0%
No matching quizzes found
Score Distribution
Percent of People with Each Score
Percentile by Number Answered
Your Score History
You have not taken this quiz